000 01153nam a22002777a 4500
005 20080905121451.0
008 110608t xxu||||| |||| 00| 0 hin d
010 _aHIN-92914
020 _c300.00
_a8181350588
035 _aHN-65260
037 _bDBAD / PUB
040 _aDPL
_bHN
082 _a821.08
100 _928442
_aकुमारी उर्वशी
245 _aमुक्तिबोध के काव्य में मानवीय चेतना /
_cकुमारी उर्वशी
246 _aMuktibodh ke Kavya me Manviya chetna
_bby Kumari Urvashi
260 _aदिल्ली
_bपंकज बुक्स
_c2010
270 _a109-ए, पटपड़गंज
_bदिल्ली
_e110091
_k22754663
300 _a199पृ
_c22सेमी (सजिल्द)
650 _928443
650 _928455
700 _928521
700 _928536
942 _adpl
_cHN
_2ddc
_mकुमारी
_h821.08
999 _c52877
_d52877